| 000 | 00883cam a22002535a 4500 | ||
|---|---|---|---|
| 001 | 18891167 | ||
| 005 | 20160328152507.0 | ||
| 008 | 151210t2016 moua fr 000 0 eng d | ||
| 020 | _a9780323289610 | ||
| 040 |
_aDLC _beng _cDLC _dDLC _dEG-ScBUE |
||
| 082 | 0 | 4 |
_222 _a610.73 _bHAR |
| 100 | 1 |
_aHarding, Mariann, _932400 |
|
| 245 | 1 | 0 |
_aWinningham's critical thinking cases in nursing : _bmedical-surgical, pediatric, maternity, and psychiatric / _cMariann Harding, Julie S. Snyder, Barbara A. Preusser. |
| 246 | 1 | _aCritical thinking cases in nursing | |
| 250 | _a6th ed. | ||
| 260 |
_aMissouri : _bElsevier Mosby, _cc.2016. |
||
| 300 |
_axi, 722 p. : _bill. ; _c28 cm. |
||
| 650 | 7 |
_2BUEsh _933278 _aNursing _vProblems, exercises, etc. |
|
| 651 | _2BUEsh | ||
| 653 |
_bNNUR _cMarch2016 |
||
| 700 | 1 |
_aSnyder, Julie S. _932405 |
|
| 700 | 1 |
_aPreusser, Barbara A. _932406 |
|
| 942 | _2ddc | ||
| 999 |
_c21535 _d21507 |
||